[Event "Chubut Easter op 1st"]
[Site "Chubut"]
[Date "2021.04.01"]
[Round "1"]
[White "Aybar, Marcelo"]
[Black "Ulloa, Gabriel"]
[Result "0-1"]
[WhiteElo "1564"]
[BlackElo "2086"]
[PlyCount "44"]
[EventDate "2021.04.01"]
[EventType "swiss"]
[EventRounds "6"]
[EventCountry "ARG"]
[SourceTitle "EXT 2022"]
[Source "ChessBase"]
[SourceDate "2021.10.06"]
[SourceVersion "1"]
[SourceVersionDate "2021.10.06"]
[SourceQuality "1"]

1. e4 c6 2. d4 d5 3. e5 c5 4. c3 Nc6 5. Nf3 Bg4 6. Nbd2 e6 7. Be2 Nge7 8. h3 Bxf3 9. Nxf3 c4 10. Bg5 h6 11. Bh4 Qb6 12. Qc2 Nf5 13. 0-0 g5 14. Bg3 Be7 15. Bh2 h5 16. b3 cxb3 17. Qxb3 Qxb3 18. axb3 g4 19. hxg4 hxg4 20. Nd2 Bg5 21. f4 gxf3 22. Nxf3 Be3+ 0-1

[Event "Trelew op"]
[Site "Trelew"]
[Date "2021.03.06"]
[Round "4"]
[White "Ulloa, Gabriel"]
[Black "Del Blanco, Eduardo"]
[Result "1-0"]
[WhiteElo "2073"]
[BlackElo "2069"]
[PlyCount "107"]
[EventDate "2021.03.04"]
[EventType "swiss"]
[EventRounds "6"]
[EventCountry "ARG"]
[SourceTitle "EXT 2022"]
[Source "ChessBase"]
[SourceDate "2021.10.06"]
[SourceVersion "1"]
[SourceVersionDate "2021.10.06"]
[SourceQuality "1"]

1. e4 d5 2. exd5 Qxd5 3. Nc3 Qd6 4. d4 Nf6 5. Nf3 g6 6. Nb5 Qd8 7. Bf4 Na6 8. c4 c6 9. Nc3 Bg7 10. h3 0-0 11. Be2 Nc7 12. 0-0 Ne6 13. Be3 Qc7 14. Qd2 Nh5 15. Rfd1 f5 16. Bh6 Bxh6 17. Qxh6 Qf4 18. Qxf4 Nhxf4 19. Bf1 Kg7 20. Re1 Kf6 21. g3 Nh5 22. d5 Nd8 23. Re2 Ng7 24. Rae1 e6 25. Bg2 Ne8 26. Nd4 cxd5 27. cxd5 Nc7 28. f4 Rb8 29. Bf3 Bd7 30. Kf2 b5 31. dxe6 Ndxe6 32. Nd5+ Kg7 33. Nxe6+ Nxe6 34. Rxe6 Bxe6 35. Rxe6 Rbc8 36. Ne3 a5 37. Bd5 h5 38. Re7+ Kh8 39. Ra7 a4 40. Ke2 Rfe8 41. Rb7 Rc5 42. Kd3 Rd8 43. Kd4 Rc1 44. Rxb5 Rg1 45. Nc4 Rxg3 46. Ne5 Rc8 47. Rb7 Rc1 48. Rb8+ Kg7 49. Rb7+ Kh8 50. Nf7+ Kg7 51. Ng5+ Kf8 52. Ke5 Ke8 53. Kd6 Kf8 54. Nh7+ 1-0

[Event "Trelew op"]
[Site "Trelew"]
[Date "2021.03.05"]
[Round "3"]
[White "Aguilar, Andres"]
[Black "Ulloa, Gabriel"]
[Result "1/2-1/2"]
[WhiteElo "2291"]
[BlackElo "2073"]
[PlyCount "61"]
[EventDate "2021.03.04"]
[EventType "swiss"]
[EventRounds "6"]
[EventCountry "ARG"]
[SourceTitle "EXT 2022"]
[Source "ChessBase"]
[SourceDate "2021.10.06"]
[SourceVersion "1"]
[SourceVersionDate "2021.10.06"]
[SourceQuality "1"]

1. d4 Nf6 2. c4 e6 3. Nc3 Bb4 4. g3 c5 5. Nf3 0-0 6. Bg2 cxd4 7. Nxd4 Nc6 8. 0-0 a6 9. Nc2 Be7 10. b3 d6 11. Qd2 Qc7 12. Bb2 b6 13. Rac1 Bb7 14. e4 Rac8 15. Ne3 Qb8 16. g4 Rfd8 17. f4 b5 18. g5 Nd7 19. Ncd5 Bf8 20. Ng4 exd5 21. exd5 Re8 22. Rf3 Nce5 23. fxe5 Nxe5 24. Bxe5 dxe5 25. Rh3 e4 26. Re1 bxc4 27. Rxe4 c3 28. Rxc3 Rxe4 29. Bxe4 Rxc3 30. Qxc3 Qf4 31. Bf3 1/2-1/2

[Event "ARG-ch sf 95th"]
[Site "Buenos Aires"]
[Date "2020.02.26"]
[Round "5"]
[White "Ulloa, Gabriel"]
[Black "Quiroga, Facundo"]
[Result "1-0"]
[WhiteElo "2039"]
[BlackElo "2285"]
[PlyCount "47"]
[EventDate "2020.02.22"]
[EventType "swiss"]
[EventRounds "9"]
[EventCountry "ARG"]
[SourceTitle "CBM 195 Extra"]
[Source "ChessBase"]
[SourceDate "2020.05.31"]
[SourceVersion "1"]
[SourceVersionDate "2020.05.31"]
[SourceQuality "1"]

1. e4 c5 2. Nf3 d6 3. d4 cxd4 4. Nxd4 Nf6 5. Nc3 a6 6. Bg5 e6 7. f4 Qb6 8. Qd3 Nc6 9. 0-0-0 Qxd4 10. Qxd4 Nxd4 11. Rxd4 Bd7 12. e5 h6 13. Bh4 g5 14. Be1 Nh5 15. exd6 Nxf4 16. g3 Ng6 17. Bg2 Rb8 18. Ne4 Bg7 19. Rc4 0-0 20. Bc3 Ne5 21. Rc5 Nc6 22. Nf6+ Bxf6 23. Bxf6 Rbc8 24. h4 1-0

[Event "Villa Tehuelches op 5th"]
[Site "Villa Tehuelches"]
[Date "2019.07.12"]
[Round "3"]
[White "Gallardo Rojel, Alejandro"]
[Black "Ulloa, Gabriel"]
[Result "0-1"]
[WhiteElo "1754"]
[BlackElo "2040"]
[PlyCount "92"]
[EventDate "2019.07.11"]
[EventType "swiss"]
[EventRounds "7"]
[EventCountry "CHI"]
[SourceTitle "CBM 191 Extra"]
[Source "ChessBase"]
[SourceDate "2019.09.30"]
[SourceVersion "1"]
[SourceVersionDate "2019.09.30"]
[SourceQuality "1"]

1. e4 c5 2. f4 d6 3. Nf3 Nc6 4. Bc4 g6 5. 0-0 Bg7 6. c3 Nf6 7. Qe1 0-0 8. d3 Bg4 9. h3 Bxf3 10. Rxf3 e6 11. Nd2 Rb8 12. Bb3 b5 13. Bc2 d5 14. Nf1 b4 15. Nh2 bxc3 16. bxc3 Qa5 17. Bd2 Rb2 18. Qc1 Rxa2 19. Rxa2 Qxa2 20. e5 Nd7 21. Qb1 Qxb1+ 22. Bxb1 Rb8 23. Rf1 Rb2 24. Nf3 Bh6 25. Be3 a5 26. d4 c4 27. Rc1 a4 28. Nd2 a3 29. Bc2 Nb6 30. Bd1 a2 31. Ra1 Na5 32. Kh2 Nb3 33. Bxb3 cxb3 34. Nxb3 Rxb3 35. Rxa2 Rxc3 36. Bd2 Rd3 37. g3 Rxd4 38. Rb2 Nc4 39. Rb8+ Kg7 40. Bb4 g5 41. Bf8+ Kg6 42. Bc5 Rd2+ 43. Kg1 gxf4 44. g4 Nxe5 45. Rg8+ Kf6 46. h4 Nf3+ 0-1

[Event "Villa Tehuelches op 5th"]
[Site "Villa Tehuelches"]
[Date "2019.07.11"]
[Round "1"]
[White "Ruiz Barrientos, Gabriel Alberto"]
[Black "Ulloa, Gabriel"]
[Result "0-1"]
[WhiteElo "1440"]
[BlackElo "2040"]
[PlyCount "68"]
[EventDate "2019.07.11"]
[EventType "swiss"]
[EventRounds "7"]
[EventCountry "CHI"]
[SourceTitle "CBM 191 Extra"]
[Source "ChessBase"]
[SourceDate "2019.09.30"]
[SourceVersion "1"]
[SourceVersionDate "2019.09.30"]
[SourceQuality "1"]

1. d4 Nf6 2. b4 g6 3. Bf4 Bg7 4. e3 0-0 5. h3 d6 6. Nf3 Nfd7 7. Nbd2 e5 8. Bg5 f6 9. Bc4+ Kh8 10. Bh4 Nc6 11. c3 g5 12. Bg3 f5 13. 0-0 f4 14. exf4 exf4 15. Bh2 h6 16. Ne4 Nf6 17. Nxf6 Qxf6 18. Nd2 Qg6 19. Bd5 h5 20. b5 Ne7 21. Be4 Bf5 22. Re1 Rae8 23. Bxf5 Rxf5 24. Qe2 g4 25. hxg4 hxg4 26. Qe6 Bf6 27. Ne4 Nd5 28. Qd7 Rg8 29. Nxf6 Nxf6 30. Qe6 g3 31. fxg3 fxg3 32. Bxg3 Qxg3 33. Re2 Ng4 34. Qxf5 Qh2+ 0-1

[Event "Villa Tehuelches op 5th"]
[Site "Villa Tehuelches"]
[Date "2019.07.11"]
[Round "2"]
[White "Ulloa, Gabriel"]
[Black "Abarca Gonzalez, Nicolas"]
[Result "0-1"]
[WhiteElo "2040"]
[BlackElo "2409"]
[PlyCount "52"]
[EventDate "2019.07.11"]
[EventType "swiss"]
[EventRounds "7"]
[EventCountry "CHI"]
[SourceTitle "CBM 191 Extra"]
[Source "ChessBase"]
[SourceDate "2019.09.30"]
[SourceVersion "1"]
[SourceVersionDate "2019.09.30"]
[SourceQuality "1"]

1. e4 c5 2. Nf3 d6 3. d4 cxd4 4. Nxd4 Nf6 5. Nc3 g6 6. Be3 Bg7 7. f3 0-0 8. Qd2 Nc6 9. 0-0-0 Nxd4 10. Bxd4 Be6 11. Kb1 Qc7 12. h4 Rfc8 13. h5 Qa5 14. hxg6 fxg6 15. a3 Rab8 16. g4 Bf7 17. Bd3 b5 18. Qg5 e5 19. Nd5 Nxd5 20. exd5 exd4 21. Qf4 b4 22. Rxh7 Qxd5 23. Rdh1 bxa3 24. Qh2 Qa2+ 25. Kc1 axb2+ 26. Kd2 Qa5+ 0-1

[Event "Rio Grande op 19th"]
[Site "Rio Grande"]
[Date "2019.07.08"]
[Round "6"]
[White "Ulloa, Gabriel"]
[Black "Schualle, Sergio Damian"]
[Result "1-0"]
[WhiteElo "2040"]
[BlackElo "1359"]
[PlyCount "41"]
[EventDate "2019.07.05"]
[EventType "swiss"]
[EventRounds "7"]
[EventCountry "ARG"]
[SourceTitle "EXT 2020"]
[Source "ChessBase"]
[SourceDate "2019.10.17"]
[SourceVersion "1"]
[SourceVersionDate "2019.10.17"]
[SourceQuality "1"]

1. e4 c5 2. Nf3 d6 3. d4 cxd4 4. Nxd4 Nf6 5. Nc3 a6 6. Be3 Ng4 7. Bc1 Nf6 8. Be2 e5 9. Nb3 Be7 10. 0-0 0-0 11. Be3 Be6 12. f4 exf4 13. Bxf4 Nbd7 14. Kh1 Qc7 15. Nd4 Nc5 16. Bf3 Rad8 17. Qe1 Ncd7 18. Qg3 Rfe8 19. Rae1 Bc4 20. Nf5 Bf8 21. Nxg7 1-0

[Event "Florianopolis op 5th"]
[Site "Florianopolis"]
[Date "2019.01.25"]
[Round "7"]
[White "Ulloa, Gabriel"]
[Black "Belmonte, Adriel"]
[Result "1-0"]
[WhiteElo "2068"]
[BlackElo "1879"]
[PlyCount "97"]
[EventDate "2019.01.21"]
[EventType "swiss"]
[EventRounds "10"]
[EventCountry "BRA"]
[SourceTitle "CBM 188 Extra"]
[Source "ChessBase"]
[SourceDate "2019.02.26"]
[SourceVersion "1"]
[SourceVersionDate "2019.02.26"]
[SourceQuality "1"]

1. e4 e6 2. d4 d5 3. Nc3 Nf6 4. e5 Nfd7 5. Nf3 c5 6. dxc5 Bxc5 7. Bf4 Nc6 8. Bd3 a6 9. 0-0 Be7 10. Qe2 b5 11. Rfe1 Bb7 12. Rad1 g5 13. Bg3 g4 14. Nd2 h5 15. Nb3 Qb6 16. Kh1 0-0-0 17. f4 gxf3 18. Qxf3 d4 19. Ne4 h4 20. Bf2 Ndxe5 21. Qh3 f5 22. Nc3 Ng4 23. Bf1 Nce5 24. Bg1 Rhg8 25. Rxd4 Rxd4 26. Nxd4 Bc5 27. Nce2 Nc4 28. c3 Nxb2 29. Qxh4 Nd3 30. Rd1 Be4 31. h3 Nge5 32. Ng3 Nb2 33. Rd2 Nbc4 34. Nxe4 fxe4 35. Rd1 e3 36. Qe4 Bxd4 37. cxd4 Nd7 38. Bxc4 bxc4 39. Bxe3 Nf6 40. Qc2 Qc6 41. Rf1 Ne4 42. Rf3 Nd6 43. Bf4 Nb5 44. Be5 Nc7 45. Rc3 Kd8 46. Rxc4 Qb5 47. Bxc7+ Ke7 48. Qh7+ Kf6 49. Be5+ 1-0

[Event "Florianopolis op 5th"]
[Site "Florianopolis"]
[Date "2019.01.24"]
[Round "6"]
[White "Alves, Josue Pires"]
[Black "Ulloa, Gabriel"]
[Result "1/2-1/2"]
[WhiteElo "1841"]
[BlackElo "2068"]
[PlyCount "102"]
[EventDate "2019.01.21"]
[EventType "swiss"]
[EventRounds "10"]
[EventCountry "BRA"]
[SourceTitle "CBM 188 Extra"]
[Source "ChessBase"]
[SourceDate "2019.02.26"]
[SourceVersion "1"]
[SourceVersionDate "2019.02.26"]
[SourceQuality "1"]

1. d4 Nf6 2. Nc3 d6 3. Bg5 Nbd7 4. e4 c6 5. Nf3 e5 6. Be2 Be7 7. 0-0 Qc7 8. h3 h6 9. Be3 0-0 10. Qd2 Re8 11. Nh2 Bf8 12. f4 exd4 13. Qxd4 Nc5 14. Bf3 Qe7 15. Rad1 Ncxe4 16. Bc1 d5 17. Bxe4 dxe4 18. Be3 Qb4 19. Qd2 Be6 20. a3 Qxb2 21. Rb1 Qxa3 22. Rxb7 Rad8 23. Qe1 a5 24. Qa1 Qxa1 25. Rxa1 Bb4 26. Nd1 Nd5 27. Nf1 Nxe3 28. Nfxe3 Ra8 29. f5 Bd5 30. c4 Bc5 31. cxd5 cxd5 32. Rb5 Bxe3+ 33. Nxe3 d4 34. Nd5 Rad8 35. Rbxa5 e3 36. Kf1 d3 37. f6 Rb8 38. R5a3 e2+ 39. Ke1 d2+ 40. Kxd2 e1Q+ 41. Rxe1 Rb2+ 42. Kc3 Rxe1 43. Kxb2 Re2+ 44. Kc3 Rxg2 45. Ra8+ Kh7 46. h4 Rg4 47. h5 Rh4 48. Rf8 Rxh5 49. Nf4 Rf5 50. Rxf7 Rxf4 51. Rxg7+ Kh8 1/2-1/2

[Event "Florianopolis op 5th"]
[Site "Florianopolis"]
[Date "2019.01.22"]
[Round "3"]
[White "Ulloa, Gabriel"]
[Black "Guimaraes, Diogo Duarte"]
[Result "0-1"]
[WhiteElo "2068"]
[BlackElo "2278"]
[PlyCount "59"]
[EventDate "2019.01.21"]
[EventType "swiss"]
[EventRounds "10"]
[EventCountry "BRA"]
[SourceTitle "CBM 188 Extra"]
[Source "ChessBase"]
[SourceDate "2019.02.26"]
[SourceVersion "1"]
[SourceVersionDate "2019.02.26"]
[SourceQuality "1"]

1. e4 e5 2. Nf3 Nc6 3. Nc3 Nf6 4. d4 exd4 5. Nd5 Be7 6. Bf4 d6 7. Nxd4 0-0 8. Nb5 Nxd5 9. exd5 Ne5 10. Qd2 c5 11. dxc6 bxc6 12. Nd4 Qb6 13. 0-0-0 Rb8 14. Nb3 Be6 15. Be3 c5 16. Qa5 Ng4 17. Qxb6 Rxb6 18. c4 Nxe3 19. fxe3 Bg5 20. Re1 Rfb8 21. Kc2 a5 22. Rb1 a4 23. Nd2 Bxe3 24. Ne4 Bd4 25. Nc3 Bxc3 26. Kxc3 Bf5 27. Bd3 Bxd3 28. Kxd3 Rxb2 29. Rxb2 Rxb2 30. Re1 0-1

[Event "Buenos Aires Szmetan Giardelli op"]
[Site "Buenos Aires"]
[Date "2018.12.07"]
[Round "4"]
[White "Ulloa, Gabriel"]
[Black "Miranda, Rafael"]
[Result "0-1"]
[WhiteElo "2028"]
[BlackElo "2302"]
[PlyCount "112"]
[EventDate "2018.12.04"]
[EventType "swiss"]
[EventRounds "9"]
[EventCountry "ARG"]
[SourceTitle "CBM 187 Extra"]
[Source "ChessBase"]
[SourceDate "2018.11.04"]
[SourceVersion "1"]
[SourceVersionDate "2018.11.04"]
[SourceQuality "1"]

1. e4 c5 2. Nf3 d6 3. Nc3 Nf6 4. e5 dxe5 5. Nxe5 e6 6. Bb5+ Nbd7 7. d4 a6 8. Bxd7+ Nxd7 9. Qh5 g6 10. Qf3 f5 11. Be3 Nxe5 12. dxe5 Qc7 13. 0-0-0 Bd7 14. Bg5 Bg7 15. Rhe1 0-0 16. Nd5 exd5 17. Qxd5+ Rf7 18. e6 Bxe6 19. Rxe6 Kh8 20. Bd8 Qf4+ 21. Kb1 Rf8 22. Be7 Rfc8 23. Bd6 Qg5 24. Be5 Rd8 25. Rd6 Rxd6 26. Qxd6 Re8 27. Bxg7+ Kxg7 28. Qc7+ Kh6 29. Qd7 Re7 30. Qd5 Re2 31. h4 Qxh4 32. Qxc5 Qxf2 33. Qf8+ Kh5 34. Qd8 Kg4 35. Qc7 Re1 36. Qc4+ Re4 37. Qc3 Qe2 38. Rc1 Qe3 39. Qg7 Re7 40. Qg8 g5 41. a3 h5 42. Qb8 h4 43. Qc8 Qe4 44. Qc5 Rd7 45. Rf1 Rd2 46. Qc3 Rxg2 47. Re1 Qf3 48. Qd4+ f4 49. Re5 Kh3 50. Rc5 Kh2 51. Qh8 h3 52. Rc3 Qd1+ 53. Ka2 Qd5+ 54. b3 g4 55. Qf6 Rf2 56. Qh6 a5 0-1

[Event "ARG-ch sf 93rd"]
[Site "Buenos Aires"]
[Date "2018.05.26"]
[Round "8"]
[White "Ulloa, Gabriel"]
[Black "Fernandez, Maria Florencia"]
[Result "0-1"]
[WhiteElo "2041"]
[BlackElo "2159"]
[PlyCount "52"]
[EventDate "2018.05.19"]
[EventType "swiss"]
[EventRounds "9"]
[EventCountry "ARG"]
[SourceTitle "CBM 184 Extra"]
[Source "ChessBase"]
[SourceDate "2018.06.28"]
[SourceVersion "1"]
[SourceVersionDate "2018.06.28"]
[SourceQuality "1"]

1. e4 c5 2. Nf3 d6 3. d4 cxd4 4. Nxd4 Nf6 5. Nc3 g6 6. Be3 Bg7 7. f3 0-0 8. Qd2 Nc6 9. g4 Be6 10. Nxe6 fxe6 11. 0-0-0 Ne5 12. Be2 Rc8 13. Nb5 Nc4 14. Bxc4 Rxc4 15. Qd3 Rc8 16. Nxa7 Ra8 17. a3 Ne8 18. f4 Nc7 19. Nb5 Qd7 20. Nxc7 Qxc7 21. Qb3 Rfc8 22. Qxe6+ Kh8 23. Rd2 Bxb2+ 24. Kxb2 Qc3+ 25. Kb1 Rc4 26. Bc5 Rxc5 0-1

[Event "ARG-ch sf 93rd"]
[Site "Buenos Aires"]
[Date "2018.05.19"]
[Round "1"]
[White "Fiorito, Fabian"]
[Black "Ulloa, Gabriel"]
[Result "1-0"]
[WhiteElo "2372"]
[BlackElo "2041"]
[PlyCount "59"]
[EventDate "2018.05.19"]
[EventType "swiss"]
[EventRounds "9"]
[EventCountry "ARG"]
[SourceTitle "CBM 184 Extra"]
[Source "ChessBase"]
[SourceDate "2018.06.28"]
[SourceVersion "1"]
[SourceVersionDate "2018.06.28"]
[SourceQuality "1"]

1. e4 e5 2. Nf3 Nc6 3. Bb5 a6 4. Ba4 Nf6 5. d3 d6 6. c3 g6 7. 0-0 Bg7 8. Re1 0-0 9. Bg5 h6 10. Bh4 b5 11. Bb3 Na5 12. Bc2 c5 13. Nbd2 Qc7 14. Nf1 Re8 15. Ne3 Bb7 16. a4 Rac8 17. axb5 axb5 18. Qd2 Kh7 19. b4 cxb4 20. cxb4 Nc6 21. Bxf6 Bxf6 22. Nd5 Qd8 23. Bb3 Bg7 24. Nc3 Rf8 25. Nxb5 Qd7 26. Nc3 Nxb4 27. Na4 Qb5 28. Bc4 Qa5 29. Reb1 Nc6 30. Rxb7 1-0

[Event "Trelew Acevedo Cup"]
[Site "Trelew"]
[Date "2018.04.29"]
[Round "4"]
[White "Del Blanco, Eduardo"]
[Black "Ulloa, Gabriel"]
[Result "1/2-1/2"]
[WhiteElo "2052"]
[BlackElo "2041"]
[PlyCount "20"]
[EventDate "2018.04.27"]
[EventType "swiss"]
[EventRounds "7"]
[EventCountry "ARG"]
[SourceTitle "CBM 184 Extra"]
[Source "ChessBase"]
[SourceDate "2018.06.28"]
[SourceVersion "1"]
[SourceVersionDate "2018.06.28"]
[SourceQuality "1"]

1. Nf3 f5 2. g3 Nf6 3. c4 g6 4. Nc3 Bg7 5. Bg2 0-0 6. d4 d6 7. 0-0 Nc6 8. e3 e5 9. d5 Ne7 10. Qc2 h6 1/2-1/2

[Event "Trelew Acevedo Cup"]
[Site "Trelew"]
[Date "2018.04.28"]
[Round "2"]
[White "Sabas, Jorge"]
[Black "Ulloa, Gabriel"]
[Result "1-0"]
[WhiteElo "2186"]
[BlackElo "2041"]
[PlyCount "108"]
[EventDate "2018.04.27"]
[EventType "swiss"]
[EventRounds "7"]
[EventCountry "ARG"]
[SourceTitle "CBM 184 Extra"]
[Source "ChessBase"]
[SourceDate "2018.06.28"]
[SourceVersion "1"]
[SourceVersionDate "2018.06.28"]
[SourceQuality "1"]

1. d4 f5 2. Nf3 Nf6 3. c4 g6 4. Nc3 Bg7 5. g3 0-0 6. Bg2 d6 7. 0-0 c6 8. Rb1 Qc7 9. d5 Re8 10. Nd4 e5 11. dxe6 Bxe6 12. Nxe6 Rxe6 13. b4 Nbd7 14. Bb2 Rd8 15. Qb3 Kh8 16. Rbc1 a5 17. a3 axb4 18. axb4 Rde8 19. e3 Ne5 20. Nd5 Qd7 21. Nf4 R6e7 22. Rfd1 Ne4 23. Nd3 Nxd3 24. Bxg7+ Kxg7 25. Qxd3 Re6 26. b5 Qe7 27. bxc6 bxc6 28. Bxe4 fxe4 29. Qd4+ Qf6 30. Qb6 Rf8 31. Rc2 c5 32. Qb2 Qxb2 33. Rxb2 Ra8 34. Rb7+ Kh6 35. Rd5 Ra4 36. g4 Rxc4 37. g5+ Kh5 38. Rxh7+ Kg4 39. Kg2 Re5 40. h3+ Kf5 41. Rxd6 Re6 42. Rf7+ Ke5 43. Rxe6+ Kxe6 44. Rf6+ Ke5 45. Rxg6 Kf5 46. Rg8 Ra4 47. h4 Kg4 48. g6 Ra6 49. g7 Ra7 50. h5 Kg5 51. Rc8 Rxg7 52. Rxc5+ Kg4 53. Re5 Rh7 54. Rxe4+ Kxh5 1-0

[Event "Villa Tehuelches op"]
[Site "Villa Tehuelches"]
[Date "2017.07.14"]
[Round "6"]
[White "Rojas Calfunao, Jose Ignacio"]
[Black "Ulloa, Gabriel"]
[Result "1-0"]
[WhiteElo "1316"]
[BlackElo "2057"]
[PlyCount "33"]
[EventDate "2017.07.11"]
[EventType "swiss"]
[EventRounds "7"]
[EventCountry "CHI"]
[SourceTitle "EXT 2018"]
[Source "ChessBase"]
[SourceDate "2017.10.13"]
[SourceVersion "1"]
[SourceVersionDate "2017.10.13"]
[SourceQuality "1"]

1. d4 g6 2. e4 Bg7 3. Nc3 c5 4. Nf3 cxd4 5. Nxd4 Nc6 6. Be3 Nf6 7. f3 Qb6 8. Nf5 Qxb2 9. Na4 Qe5 10. Nxg7+ Kf8 11. Bh6 Kg8 12. Be2 Qa5+ 13. c3 b5 14. Nb2 Qxc3+ 15. Qd2 Qc5 16. Nf5 d6 17. Rc1 1-0

[Event "Villa Tehuelches op"]
[Site "Villa Tehuelches"]
[Date "2017.07.13"]
[Round "4"]
[White "Daneri, Martin"]
[Black "Ulloa, Gabriel"]
[Result "1-0"]
[WhiteElo "2088"]
[BlackElo "2057"]
[PlyCount "45"]
[EventDate "2017.07.11"]
[EventType "swiss"]
[EventRounds "7"]
[EventCountry "CHI"]
[SourceTitle "EXT 2018"]
[Source "ChessBase"]
[SourceDate "2017.10.13"]
[SourceVersion "1"]
[SourceVersionDate "2017.10.13"]
[SourceQuality "1"]

1. d4 Nf6 2. Nf3 g6 3. g3 Bg7 4. Bg2 0-0 5. 0-0 d6 6. a4 Nbd7 7. Nc3 a5 8. e4 e5 9. Re1 Re8 10. b3 exd4 11. Nxd4 Nc5 12. Bb2 Bd7 13. Qd2 Qc8 14. f3 Bh3 15. Bh1 h5 16. Qf2 h4 17. Rad1 hxg3 18. hxg3 Re5 19. Nde2 Bh6 20. Nf4 Nh5 21. Ncd5 Nxf4 22. gxf4 Nxe4 23. Rxe4 1-0

[Event "Villa Tehuelches op"]
[Site "Villa Tehuelches"]
[Date "2017.07.11"]
[Round "1"]
[White "Ulloa, Gabriel"]
[Black "Hernandez Guerrero, Gilberto Eduardo"]
[Result "0-1"]
[WhiteElo "2057"]
[BlackElo "2526"]
[PlyCount "71"]
[EventDate "2017.07.11"]
[EventType "swiss"]
[EventRounds "7"]
[EventCountry "CHI"]
[SourceTitle "EXT 2018"]
[Source "ChessBase"]
[SourceDate "2017.10.13"]
[SourceVersion "1"]
[SourceVersionDate "2017.10.13"]
[SourceQuality "1"]

1. e4 c5 2. Nf3 e6 3. d4 cxd4 4. Nxd4 Nc6 5. Nc3 Qc7 6. Be3 Nf6 7. f4 Bb4 8. Ndb5 Qa5 9. e5 Nd5 10. Bd2 Nxc3 11. bxc3 Bc5 12. c4 Qd8 13. Nd6+ Bxd6 14. exd6 Qh4+ 15. g3 Qf6 16. Bd3 b6 17. Rb1 Bb7 18. Be3 Nd4 19. 0-0 Nf5 20. Bf2 h5 21. Be2 Bc6 22. c5 bxc5 23. Bxc5 Qc3 24. Bf2 h4 25. Rb3 hxg3 26. Bxg3 Qd4+ 27. Rf2 Qxd6 28. Qxd6 Nxd6 29. Bf3 Bxf3 30. Rfxf3 Ke7 31. Rfd3 Rac8 32. f5 Nxf5 33. Rb7 Rxc2 34. Be5 Rxa2 35. Rdxd7+ Ke8 36. Rxf7 0-1

[Event "ARG-ch Amateur U2000"]
[Site "La Falda"]
[Date "2015.12.05"]
[Round "1.1"]
[White "Nunez, Benjamin"]
[Black "Ulloa, Gabriel"]
[Result "0-1"]
[WhiteElo "1764"]
[BlackElo "1998"]
[PlyCount "35"]
[EventDate "2015.12.05"]
[EventType "swiss"]
[EventRounds "9"]
[EventCountry "ARG"]
[SourceTitle "EXT 2024"]
[Source "ChessBase"]
[SourceDate "2023.10.10"]
[SourceVersion "1"]
[SourceVersionDate "2023.10.10"]
[SourceQuality "1"]

1. e4 e5 2. f4 d5 3. exd5 e4 4. d3 Qxd5 5. c4 Qe6 6. Be2 Nf6 7. d4 Bb4+ 8. Nc3 0-0 9. Nh3 b5 10. Qb3 Qd6 11. Be3 Nc6 12. c5 Qd7 13. Bxb5 Nxd4 14. Bxd7 Nxb3 15. Bc6 Nxa1 16. Bxa8 Nc2+ 17. Kd2 Nxe3 18. Kxe3 0-1